Central Library OPAC University of Rajshahi

طريق النجاة في ترجمه الصحاح من المشكوة tariq alnajat fi tarjamih alsihah min almashkuati / (Record no. 80979)

MARC details
000 -LEADER
fixed length control field 00814nam a2200229 a 4500
001 - CONTROL NUMBER
control field 80979
003 - CONTROL NUMBER IDENTIFIER
rucl marc code BD-RjUL
005 - DATE AND TIME OF LATEST TRANSACTION
control field 20221218123426.0
008 - FIXED-LENGTH DATA ELEMENTS--GENERAL INFORMATION
fixed length control field 221221s1984 ua 000 0 ara d
035 ## - SYSTEM CONTROL NUMBER
System control number (BD-RjUL)80979
040 ## - CATALOGING SOURCE
Original cataloging agency NNL
Language of cataloging ara
Transcribing agency BD-RjUL
041 ## - LANGUAGE CODE
Language code of text/sound track or separate title urd
082 ## - DEWEY DECIMAL CLASSIFICATION NUMBER
Edition number 23
Classification number 297.74
Author mark and year IBT 1984
100 1# - MAIN ENTRY--PERSONAL NAME
Personal name Ibrahim, Abu Muhammad ابراهيم, ابو محمد
9 (RLIN) 6344
245 10 - TITLE STATEMENT
Title طريق النجاة في ترجمه الصحاح من المشكوة tariq alnajat fi tarjamih alsihah min almashkuati /
Statement of responsibility, etc. Abu Muhammad Ibrahim ابو محمد ابراهيم
250 ## - EDITION STATEMENT
Edition statement 5th ed.
260 ## - PUBLICATION, DISTRIBUTION, ETC. (IMPRINT)
Place of publication, distribution, etc. [القاهرة] :
Name of publisher, distributor, etc. دار الاعتصام،
Date of publication, distribution, etc. [١٩٨٤].
300 ## - PHYSICAL DESCRIPTION
Pagination 316 p. ;
Size 23 cm
650 #4 - SUBJECT ADDED ENTRY--TOPICAL TERM
Topical term or geographic name as entry element Religious life
General subdivision Islam
Topical term or geographic name as entry element Daʻwah (Islam)
9 (RLIN) 6345
942 ## - ADDED ENTRY ELEMENTS (KOHA)
Source of classification or shelving scheme Dewey Decimal Classification
Koha item type Books
Holdings
Lost status Source of classification or shelving scheme Damaged status Not for loan Collection code Permanent Location Current Location Shelving location Date acquired Source of acquisition Total Checkouts Full call number Date last seen Copy number Koha item type
  Dewey Decimal Classification   Not For Loan Non-fiction Central Library, University of Rajshahi Central Library, University of Rajshahi Reading Room 18/12/2022 gift   U 297.74 IBT V-1 1984 18/12/2022 C-1 Books